00701 a2200217 4500502002400000260001500024653001400039100003600053041000700089260003100096300001100127245012400138300002900262260001800291130000700309040001400316041000700330653003900337100008900376020001800465 aThèse de Doctorat aWageningen1 aAgronomie aHENGEVELD, Annechien Frederique bEn bUniversité de Wageningen a150 p. aPyruvate dehydrogenase : its structure, function and interactions within the pyruvate dehydrogenase multienzyme complex bIll., Couv. ill. ; 24 cm c24 Avril 2002 lEn aSupport  bEn 1aNutrition et Sciences Alimentaires uAbomey-Calavi, Université d'Abomey-Calavi, Faculté des Sciences Agronomiques, Bj a90-5808-620-8